Ramu and the Robot (Record no. 6822)
[ view plain ]
| 000 -LEADER | |
|---|---|
| fixed length control field | 00214nam a22000857a 4500 |
| 008 - FIXED-LENGTH DATA ELEMENTS--GENERAL INFORMATION | |
| fixed length control field | 170616b xxu||||| |||| 00| 0 eng d |
| 100 ## - MAIN ENTRY--PERSONAL NAME | |
| 9 (RLIN) | 3447 |
| Personal name | Sedwal. A |
| 245 ## - TITLE STATEMENT | |
| Title | Ramu and the Robot |
| 260 ## - PUBLICATION, DISTRIBUTION, ETC. (IMPRINT) | |
| Place of publication, distribution, etc. | New Delhi |
| Name of publisher, distributor, etc. | N. B. T |
| Date of publication, distribution, etc. | 2007 |
| Withdrawn status | Lost status | Source of classification or shelving scheme | Damaged status | Koha normalized classification for sorting | Not for loan | Home library | Current library | Shelving location | Date acquired | Total Checkouts | Full call number | Barcode | Date last seen | Price effective from | Koha item type | Date last checked out |
|---|---|---|---|---|---|---|---|---|---|---|---|---|---|---|---|---|
| Dewey Decimal Classification | 823_000000000000000 | Good Samaritan School Library | Good Samaritan School Library | FICTION | 06/16/2017 | 823 | SED7934 | 06/16/2017 | 06/16/2017 | BOOK | ||||||
| Dewey Decimal Classification | 823_000000000000000 | Good Samaritan School Library | Good Samaritan School Library | FICTION | 06/16/2017 | 823 | SED7935 | 06/16/2017 | 06/16/2017 | BOOK | ||||||
| Dewey Decimal Classification | 823_000000000000000 | Good Samaritan School Library | Good Samaritan School Library | FICTION | 06/16/2017 | 1 | 823 | SED7936 | 02/06/2018 | 06/16/2017 | BOOK | 02/03/2018 |